2016 Stanley Cup Playoffs - Statistics

General Stats
  • This quiz has been taken 557 times
  • The average score is 13 of 16
Answers on the Map
Answers color-coded by a green-red scale on the quiz's map according to % correct below.
 
Answer Stats
Team % Correct
Pittsburgh Penguins
98%
San Jose Sharks
96%
Washington Capitals
91%
Los Angeles Kings
90%
Tampa Bay Lightning
89%
New York Rangers
88%
Chicago Blackhawks
86%
Anaheim Ducks
83%
Nashville Predators
83%
St. Louis Blues
82%
New York Islanders
81%
Dallas Stars
78%
Minnesota Wild
78%
Philadelphia Flyers
78%
Florida Panthers
74%
Detroit Red Wings
73%
No matching quizzes found
Score Distribution
Percent of People with Each Score
Percentile by Number Answered
Your Score History
You have not taken this quiz